El Cuerpo Humano un libro de consulta para toda la familia (Registro nro. 2033)

Detalles MARC
000 -LEADER
fixed length control field 01146nam a22002057a 4500
003 - CONTROL NUMBER IDENTIFIER
control field OSt
005 - DATE AND TIME OF LATEST TRANSACTION
control field 20260327141955.0
008 - FIXED-LENGTH DATA ELEMENTS--GENERAL INFORMATION
fixed length control field 260327b |||||||| |||| 00| 0 SPA d
082 ## - DEWEY DECIMAL CLASSIFICATION NUMBER
Edition number 9781472304346
100 ## - MAIN ENTRY--PERSONAL NAME
Personal name Parragon Books.
245 ## - TITLE STATEMENT
Title El Cuerpo Humano un libro de consulta para toda la familia
250 ## - EDITION STATEMENT
Edition statement 1 EDICION
260 ## - PUBLICATION, DISTRIBUTION, ETC.
Place of publication, distribution, etc. Nueva York, EE. UU
Name of publisher, distributor, etc. Parragon Books Ltd
Date of publication, distribution, etc. 2013
300 ## - PHYSICAL DESCRIPTION
Other physical details 256 páginas
490 ## - SERIES STATEMENT
Materials specified Tapa dura Cartoné
520 ## - SUMMARY, ETC.
Summary, etc. Anatomía y Sistemas: Explica detalladamente los sistemas del cuerpo (esquelético, muscular, nervioso, circulatorio, etc.), utilizando ilustraciones claras para mostrar dónde está cada órgano y qué función cumple <br/>Ciclo de Vida: Aborda temas como la reproducción, el crecimiento desde la infancia hasta la vejez y cómo el cuerpo cambia con el tiempo <br/>Salud y Bienestar: Incluye secciones sobre nutrición, la importancia del ejercicio y cómo el cuerpo se defiende de las enfermedades
650 ## - SUBJECT ADDED ENTRY--TOPICAL TERM
Topical term or geographic name entry element Cuerpo humano / Anatomía humana / Fisiología humana.
Form subdivision Obras de divulgación / Enciclopedias y diccionarios
General subdivision Siglo XXI
700 ## - ADDED ENTRY--PERSONAL NAME
Personal name Parragon Books.
942 ## - ADDED ENTRY ELEMENTS (KOHA)
Source of classification or shelving scheme Dewey Decimal Classification
Koha item type Libros
Suppress in OPAC No
Existencias
Withdrawn status Lost status Source of classification or shelving scheme Damaged status Not for loan Collection Home library Current library Shelving location Date acquired Source of acquisition Total checkouts Full call number Barcode Date last seen Copy number Price effective from Koha item type
    Dewey Decimal Classification     Estantería E Fila 4 Biblioteca Stanford Biblioteca Stanford Biblioteca Cerrada 27.03.2026 cuerpo humano   0790 MEDI0790 27.03.2026 1 27.03.2026 Libros
Bienvenido a nuestra Biblioteca